000 00183 a2200097 4500
020 _a1572575891
041 _aspa
100 _aBacon, Ron
245 _aEl sombrero magico
942 _cBK
999 _c31950
_d31948